000 004830000a22001810004500
003 MACL
005 20150731160547.0
008 150731b xxu||||| |||| 00| 0 eng d
040 _aMACL
_cMACL
041 _aEnglish
082 _a362/SIN
100 _aSinha, Anand P.
_93830
245 _aSocial Security[Justice] Walfare State Even After Fifty Years Of
260 _bMadhuri Prakashan
_c1999
_aNew Delhi
350 _a100
650 _aSocial Science
_93831
942 _cBK
_k362
_2ddc
999 _c2046
_d2046